[Event "SS Manhem Chess Week-GM 2018"]
[Site "Gothenburg"]
[Date "2018.08.12"]
[Round "3"]
[White "Golubka, Petro"]
[Black "Rozentalis, Eduardas"]
[Result "1/2-1/2"]
[WhiteElo "2478"]
[BlackElo "2503"]
[Annotator "TA"]
[PlyCount "33"]
[EventDate "2018.08.11"]
[EventCountry "SWE"]
[SourceTitle "playchess.com"]
[Source "ChessBase"]
[SourceQuality "1"]

{[%evp 22,33,25,20,15,0,0,0,0,-15,14,11,34,-5]} 1. Nf3 Nf6 2. c4 e6 3. d4 b6 4. a3 d5 5. Nc3 Be7 6. cxd5 exd5 7. Bg5 O-O 8. e3 Bb7 9. Bd3 Nbd7 10. Qc2 h6 {E12: Queen's Indian: Unusual White 4th moves, 4 a3, 4 Nc3 Bb7 5 a3 and 4 Nc3 Bb7} 11. Bf4 c5 12. O-O {LiveBook: 4 Games} a6 {The position is equal.} 13. Rfe1 c4 14. Bf5 b5 15. Ne5 Nb6 16. Rad1 Nc8 $146 ({Predecessor:} 16... Nh5 17. Qe2 Nxf4 18. exf4 {1-0 (43) Lysyj,I (2686)-Obrusnik,M (2324) Wroclaw 2014}) 17. Ng4 1/2-1/2

[Event "SS Manhem Chess Week-GM 2018"]
[Site "Gothenburg"]
[Date "2018.08.12"]
[Round "3"]
[White "Johansson, Linus"]
[Black "Brynell, Stellan"]
[Result "1-0"]
[WhiteElo "2457"]
[BlackElo "2391"]
[Annotator "TA"]
[PlyCount "109"]
[EventDate "2018.08.11"]
[EventCountry "SWE"]
[SourceTitle "playchess.com"]
[Source "ChessBase"]
[SourceQuality "1"]

{[%evp 20,109,29,16,28,14,22,18,33,35,38,34,40,33,35,37,55,20,19,29,48,16,35,10,5,7,12,11,25,26,31,19,70,70,70,70,70,69,96,82,87,64,82,60,81,57,83,74,65,56,43,78,176,183,405,389,576,570,566,544,526,489,584,576,629,607,639,659,551,0,0,0,0,0,159,0,5073,5072,5072,5069,5065,5072,5072,5065,5073,5072,5072,5065,29975,29977,29978,29981]} 1. c4 c5 2. Nc3 Nc6 3. g3 g6 4. Bg2 Bg7 5. Nf3 Nf6 6. O-O O-O 7. d4 cxd4 8. Nxd4 Nxd4 9. Qxd4 d6 10. Qh4 Rb8 11. Bh6 {LiveBook: 7 Games} Be6 {A39: Symmetrical English vs ...g6: 4 Bg2 Bg7 5 Nf3 Nf6 6 0-0 0-0 7 d4} (11... Bxh6 12. Qxh6 Be6 13. b3 Qa5 14. Rac1 Rfc8 15. h3 a6 16. Qe3 Rc7 17. g4 Rbc8 18. f4 Kf8 19. Rcd1 {1-0 (36) Pert,N (2557)-Suarez Real,A (2408) England 2013}) 12. Bxg7 Kxg7 13. Qd4 Qc7 {The position is equal.} 14. b3 Qc5 15. Qxc5 dxc5 16. Rfd1 Rfc8 $146 17. e4 Nd7 18. Nd5 Bxd5 19. cxd5 Rc7 20. Bh3 b5 21. Bxd7 (21. Rdc1 {with more complications.} Nb6 22. Bf1 c4 23. a4 bxa4 24. bxc4 Rbc8 25. f4) 21... Rxd7 $14 {[%mdl 4096] Endgame KRR-KRR} 22. Rac1 Rc8 23. Kf1 Kf8 24. Ke2 Ke8 25. Rc3 h5 (25... Rdc7 $11) 26. Rdc1 $36 {[%mdl 2048] White fights for an advantage.} Rdc7 27. Ke3 Kd7 28. e5 $1 f6 29. f4 a6 30. Ke4 f5+ 31. Ke3 Ke8 32. R3c2 Kd7 33. h3 Ke8 34. e6 Kf8 $1 35. g4 hxg4 (35... fxg4 $16 36. hxg4 c4) 36. hxg4 $18 fxg4 $2 {[#]} (36... Rd8) 37. Rg1 c4 (37... Kg7 $142 38. Rxg4 Kf6) 38. Rxg4 cxb3 39. Rxc7 Rxc7 40. axb3 {KR-KR} a5 41. Rxg6 Rc1 42. Rg2 a4 43. bxa4 bxa4 44. d6 $2 (44. Ke4 $18 {Black must now prevent Ra2.} Re1+ 45. Kd3) 44... exd6 $11 45. f5 Rf1 46. Ke4 {Hoping for Kd5.} a3 $2 (46... Ke7 $11) 47. Kd5 $2 (47. Ra2 $16 Re1+ 48. Kf4 Rf1+ 49. Kg5) 47... Rd1+ $2 {[%mdl 8192] [#]} (47... Ke7 $11 48. Rg7+ Kf6 49. Rf7+ Kg5) 48. Kc6 $1 $18 {[%cal Rc6d7] White threatens Kd7 and mate.} Ke7 49. Rg7+ Kf6 50. Rf7+ Kg5 51. Ra7 Kxf5 52. Kd7 Re1 53. e7 d5 54. Rxa3 d4 55. Rf3+ {Precision: White = 64%, Black = 31%.} 1-0

[Event "SS Manhem Chess Week-GM 2018"]
[Site "Gothenburg"]
[Date "2018.08.12"]
[Round "3"]
[White "Sammalvuo, Tapani"]
[Black "Schneider, Stefan"]
[Result "1-0"]
[WhiteElo "2411"]
[BlackElo "2399"]
[Annotator "TA"]
[PlyCount "147"]
[EventDate "2018.08.11"]
[EventCountry "SWE"]
[SourceTitle "playchess.com"]
[Source "ChessBase"]
[SourceQuality "1"]

{[%evp 22,147,49,48,50,50,56,33,36,9,9,9,11,7,25,19,29,22,34,35,34,27,35,7,11,11,11,12,14,12,16,14,63,48,145,149,139,147,135,119,120,127,119,121,108,138,138,93,197,207,247,250,208,236,245,225,254,254,361,335,340,336,335,167,166,166,159,159,160,160,160,156,160,160,167,164,170,158,151,0,116,90,95,66,61,61,61,68,69,77,77,47,77,77,176,176,181,177,550,533,369,183,2488,2199,2119,1932,1525,1526,1362,1326,1027,922,1653,1421,5708,1419,29987,29988,29988,29989,29989,29990,29990,29991,29991,29992,29992,29993]} 1. d4 Nf6 2. c4 e6 3. Nf3 Bb4+ 4. Bd2 Qe7 5. g3 Nc6 6. Nc3 O-O 7. Bg2 Na5 {E11: Bogo-Indian} (7... d6 8. O-O Bxc3 9. Bxc3 e5 10. d5 Nb8 11. Nd2 Bg4 12. b4 c6 13. h3 Bh5 14. Ne4 Nxe4 15. Bxe4 f5 16. Bf3 Bxf3 17. exf3 {1-0 (43) Le,Q (2737)-Arnold,M (2524) chess.com INT 2018}) 8. b3 b6 9. Qc2 Bb7 10. O-O Rac8 11. a3 Bxc3 12. Bxc3 {LiveBook: 6 Games} Be4 13. Qb2 Nb7 14. Rfd1 d5 15. cxd5 $146 ({Predecessor:} 15. a4) 15... Nxd5 16. Bd2 c5 17. Rac1 h6 18. dxc5 Nxc5 19. b4 Nd7 20. Qd4 f5 21. Bf1 Rfd8 22. Nh4 Bc2 23. Re1 $1 Qf6 24. Nf3 Be4 25. Qxf6 N7xf6 26. Nd4 {Rxc8 is the strong threat.} Nc7 27. Bc3 b5 ({Black should play} 27... Bd5 $14) 28. Bb2 $16 Kf7 29. e3 a6 30. Nc6 Bxc6 31. Rxc6 {Threatens to win with Rec1.} Nce8 32. Rxa6 Rd2 33. Re2 $36 {[%mdl 2048] Keeping Black busy.} Rd1 34. f3 {[%cal Bf2f3,Bf3e4][%mdl 32]} Nd5 (34... Nd6 $16) 35. e4 $18 fxe4 36. fxe4 Ndf6 37. Rf2 {Strongly threatening e5.} Kg8 38. Rxe6 Ng4 39. Re2 Nc7 (39... Nef6 {was worth a try.} 40. Kg2 Nxh2) 40. Re7 Ne6 41. Rxe6 Rf8 42. Rg6 (42. Kg2 $142 $1 Rdxf1 43. Bd4) 42... Rdxf1+ 43. Kg2 R8f2+ 44. Rxf2 Rxf2+ {[#]} 45. Kg1 $1 Rxb2 46. Rxg4 $16 {[%mdl 4096] Endgame KR-KR} Ra2 47. Rf4 Rxa3 48. Rf5 Ra1+ 49. Kf2 Ra2+ 50. Kg1 $2 (50. Ke3 $16) 50... Re2 (50... Ra1+ $1 $11 {keeps the balance.} 51. Kf2 Ra2+ 52. Ke3 Rxh2 53. Rxb5 Kf7) 51. Re5 Kf7 52. h4 Kf6 53. Rf5+ Ke6 54. Rxb5 Rxe4 55. Kf2 Rc4 56. Kf3 Kf6 57. Rb6+ Kf7 {[#]} (57... Kf5 $16) 58. h5 $1 $18 Rc3+ 59. Kf4 Rb3 $2 (59... Rd3 {is tougher.} 60. b5 Rd5) 60. g4 Rb1 61. Ke5 (61. b5 $142) 61... Re1+ $2 (61... Rg1 62. Rb7+ Kg8) 62. Kd5 Rb1 63. Kc5 Rc1+ 64. Kb5 g5 65. Rc6 Rg1 66. Rc4 Ke6 67. Kc6 Rf1 68. b5 Rf4 69. Rxf4 {White mates.} gxf4 70. b6 f3 71. b7 f2 72. b8=Q f1=Q 73. Qe8+ Kf6 74. Qf8+ {Precision: White = 65%, Black = 38%.} 1-0

[Event "SS Manhem Chess Week-GM 2018"]
[Site "Gothenburg"]
[Date "2018.08.12"]
[Round "3"]
[White "Vestby-Ellingsen, Mads"]
[Black "Gritsak, Orest"]
[Result "1/2-1/2"]
[WhiteElo "2409"]
[BlackElo "2464"]
[Annotator "TA"]
[PlyCount "22"]
[EventDate "2018.08.11"]
[EventCountry "SWE"]
[SourceTitle "playchess.com"]
[Source "ChessBase"]
[SourceQuality "1"]

{[%evp 11,22,63,67,66,50,12,29,-13,0,5,2,-13,-23]} 1. d4 Nf6 2. Bf4 g6 3. Nc3 c6 (3... d5 4. e3 Bg7 5. h4 h5 6. Nf3 Bg4 7. Be2 Bxf3 8. Bxf3 c6 9. Qd2 Nbd7 10. O-O-O b5 11. Kb1 {½-½ (34) Aronian,L (2797)-Vachier Lagrave,M (2793) Caleta 2018}) 4. e4 d5 5. e5 Nh5 6. Be3 {A45: Damenbauernspiele (Trompowski-Angriff)} Qb6 {LiveBook: 3 Partien} 7. Rb1 Ng7 8. Bh6 f6 $146 ({Vorgänger:} 8... Ne6 9. Bxf8 Rxf8 10. Nf3 g5 11. Qd2 h6 12. b4 {0-1 (47) Alvir,A (2357)-Al Hadarani,H (2254) Molnlycke 2015}) 9. Nf3 Bg4 {Die Stellung ist ausgeglichen.} 10. exf6 exf6 11. Be2 Nf5 1/2-1/2

[Event "SS Manhem Chess Week-GM 2018"]
[Site "Gothenburg"]
[Date "2018.08.13"]
[Round "4"]
[White "Rozentalis, Eduardas"]
[Black "Christiansen, Johan-Sebastian"]
[Result "1/2-1/2"]
[WhiteElo "2503"]
[BlackElo "2515"]
[Annotator "TA"]
[PlyCount "56"]
[EventDate "2018.08.11"]
[EventCountry "SWE"]
[SourceTitle "playchess.com"]
[Source "ChessBase"]
[SourceQuality "1"]

{[%evp 10,56,41,36,38,41,39,16,20,36,69,58,62,24,44,37,33,26,27,9,30,45,29,36,39,-62,-71,-72,-60,-76,-87,-59,-30,-47,-18,-64,-56,-61,-29,-29,-10,-17,0,0,0,0,0,-79,0]} 1. e4 e5 2. Nf3 Nc6 3. Bc4 Nf6 4. d3 h6 5. c3 d6 6. Nbd2 {LiveBook: 62 Games} g5 {[%cal Bg7g5,Bg5g4][%mdl 32] C55: Two Knights: 4 d3, 4 d4 exd4 5 e5 and Max Lange Attack} (6... g6 7. Bb3 Bg7 8. Nc4 Be6 9. O-O O-O 10. Re1 Re8 11. a4 a5 12. h3 Qd7 13. Ne3 d5 14. exd5 Nxd5 {½-½ (44) Wan,Y (2499)-Yu,Y (2759) Hangzhou 2018}) 7. h3 {[%cal Bh2h3,Bh3h4][%mdl 32]} Bg7 8. Nf1 O-O {The position is equal.} 9. Ng3 Ne7 10. Bb3 $146 ({Predecessor:} 10. Nh2 c6 11. Ng4 d5 12. Nxf6+ Bxf6 13. Bb3 Bg7 {0-1 (60) Barmagambetov,M (1998)-Schitco,I (2297) Moscow 2017}) 10... c6 11. h4 g4 12. Nh2 d5 13. h5 Be6 14. O-O Qd7 15. f4 {Hoping for f5.} gxf3 $1 16. Qxf3 Kh7 17. Nf5 ({White should try} 17. Be3 $14) 17... dxe4 $15 18. dxe4 Nxf5 19. exf5 Bxb3 20. axb3 Qd5 21. b4 Qxf3 22. Rxf3 e4 23. Rh3 Rfd8 {And now ...Rd1+ would win.} 24. Be3 Rd3 25. Nf1 a6 26. Rh4 Re8 27. Re1 Nd5 28. Bc1 {[#]} (28. Bc5 $1 $11 {keeps the balance.}) 28... e3 {Precision: White = 58%, Black = 47%.} (28... c5 $1 $17 {[%cal Rc5b4][%mdl 512]} 29. Rhxe4 (29. bxc5 Bf8) 29... Rxe4 30. Rxe4 cxb4) 1/2-1/2

[Event "SS Manhem Chess Week-GM 2018"]
[Site "Gothenburg"]
[Date "2018.08.13"]
[Round "4"]
[White "Johansson, Linus"]
[Black "Sammalvuo, Tapani"]
[Result "1/2-1/2"]
[WhiteElo "2457"]
[BlackElo "2411"]
[Annotator "TA"]
[PlyCount "88"]
[EventDate "2018.08.11"]
[EventCountry "SWE"]
[SourceTitle "playchess.com"]
[Source "ChessBase"]
[SourceQuality "1"]

{[%evp 20,88,17,-25,-15,-12,32,31,29,31,47,10,29,29,33,31,35,34,46,12,61,56,77,77,75,61,51,37,44,50,45,45,110,75,79,30,30,30,30,30,36,34,43,43,37,56,76,76,134,134,134,134,134,134,134,134,134,134,134,134,134,134,134,134,134,134,134,134,134,134,144]} 1. d4 Nf6 2. c4 e6 3. Nc3 Bb4 4. g3 O-O 5. Bg2 d5 6. a3 Be7 7. cxd5 exd5 8. e3 c6 9. Nge2 Na6 {[%cal Bb8a6,Ba6c7,Bc7e6][%mdl 32]} 10. O-O Nc7 11. Nf4 {LiveBook: 11 Partien. E46: Nimzoindisch (Rubinstein-System)} (11. Qc2 Re8 12. Rd1 Bd7 13. h3 Rc8 14. Kh2 a6 15. Bd2 Nb5 16. Be1 Bf8 17. Nxb5 axb5 18. Qb3 Qc7 {1-0 (42) Wang,H (2710)-Leko,P (2723) Beijing 2014}) 11... Ne6 12. Nd3 b6 $146 ({Vorgänger:} 12... Ng5 13. f3 Bh3 14. Bxh3 Nxh3+ 15. Kg2 Ng5 16. Bd2 Qd7 17. g4 Bd6 18. Be1 Rfe8 {1-0 (36) Botsari,A (2326)-Tzintzios,G (2174) Kavala 2011}) 13. b4 {Weiß steht etwas besser.} Bb7 14. Bb2 a5 15. Qb3 axb4 16. axb4 Rxa1 17. Rxa1 Qd6 18. Ra7 Qb8 19. Qa2 Rd8 20. b5 $36 {[%mdl 2048] [#] Und weiter mit bxc6 wäre nett. Weiss hat gut koordiniertes Spiel.} c5 21. dxc5 bxc5 22. b6 c4 23. Nf4 Nxf4 24. gxf4 Qc8 25. Ne2 Qc6 (25... Nd7 $14) 26. Bd4 Ne4 27. Qa4 Qxa4 28. Rxa4 {[#] zielt auf Ta7 ab.} Ra8 $1 {[%cal Ra8a4]} 29. Ra7 Rxa7 30. bxa7 Bb4 31. Bxe4 dxe4 32. Nc3 Bxc3 33. Bxc3 $14 {[%mdl 4096] Endspiel KL-KL} f5 ({Lieber} 33... g6) 34. Kf1 $16 {Weiß steht deutlich besser.} Kf7 35. Ke2 g6 36. Kd2 Ke6 37. Bd4 Ba8 38. Kc3 Kd7 39. Kxc4 Bb7 40. Bc5 Ba8 41. Kd4 {Ke5 ist eine echte Drohung.} Ke6 42. Bb6 Bb7 43. Bd8 Ba8 44. Bg5 h5 {Precision: Weiß = 79%, Schwarz = 55%.} 1/2-1/2

[Event "SS Manhem Chess Week-GM 2018"]
[Site "Gothenburg"]
[Date "2018.08.13"]
[Round "4"]
[White "Lindberg, Bengt"]
[Black "Vestby-Ellingsen, Mads"]
[Result "1/2-1/2"]
[WhiteElo "2416"]
[BlackElo "2409"]
[Annotator "TA"]
[PlyCount "99"]
[EventDate "2018.08.11"]
[EventCountry "SWE"]
[SourceTitle "playchess.com"]
[Source "ChessBase"]
[SourceQuality "1"]

{[%evp 35,99,45,55,31,36,31,38,38,49,34,42,41,63,61,115,114,122,120,102,23,25,20,44,15,16,9,130,126,131,126,129,130,134,127,279,135,132,64,64,64,64,64,64,25,25,26,64,25,25,12,12,0,0,0,0,0,0,0,0,0,0,0,0,0,0,0]} 1. e4 e5 2. Nf3 Nc6 3. Bb5 a6 4. Ba4 Nf6 5. O-O Be7 6. Re1 b5 7. Bb3 O-O 8. c3 d5 9. exd5 Nxd5 10. Nxe5 Nxe5 11. Rxe5 c6 12. d4 Bd6 13. Re1 Qh4 14. g3 Qh3 15. Re4 g5 16. Qf1 {C89: Closed Ruy Lopez: Marshall Attack} Qh5 17. Nd2 {[%cal Bb1d2,Bd2f1,Bf1e3][%mdl 32]} Bf5 18. f3 Nf6 {LiveBook: 39 Games} (18... Rae8 19. Qf2 Nf6 20. Rxe8 Rxe8 21. Nf1 g4 22. Bd1 gxf3 23. Bxf3 Ng4 {½-½ (69) Short,N (2688)-Grandelius,N (2665) Malmo 2017}) 19. Qf2 {Hoping for g4.} (19. Qg2 {keeps more tension.} Qg6 20. Re3 Rfe8 21. Ne4 Nxe4 22. g4) 19... Qg6 $146 ({Predecessor:} 19... g4 20. Re2 Rfe8 21. Ne4 Nxe4 22. fxe4 Bxe4 23. Qe1 Qg6 24. Bc2 f5 25. Bxe4 Rxe4 26. Rxe4 fxe4 27. a4 Rf8 {½-½ (27) Pundak,M (2168)-Harabor,M (2279) ICCF email 2016}) 20. Re3 Rae8 21. Nf1 g4 22. Rxe8 Rxe8 23. Ne3 Bd3 24. fxg4 $1 Ne4 ({Better is} 24... c5 $14) 25. Qf5 $16 Ng5 26. Qxg6+ hxg6 27. Bc2 (27. a4 $16) 27... Bxc2 $1 $11 28. Nxc2 Nf3+ 29. Kf2 Nxh2 30. Ne3 $36 {[%mdl 2048] [#] Black must now prevent Kg2. White has the initiative.} f5 (30... Be7 $1 $11 {remains equal.}) 31. gxf5 $16 gxf5 32. Bd2 ({Resist} 32. Nxf5 Rf8 $14) 32... f4 33. gxf4 Bxf4 34. Rg1+ Kf8 $2 {[#]} (34... Kf7 $16 {was necessary.} 35. Nf5 Bb8) 35. Rg2 (35. Nf1 $1 $18 {is the precise move to win.} Bb8 36. Nxh2 Bxh2 37. Rg6) 35... Re4 36. Nf1 (36. Ke2 $16 Bxe3 37. Kd3 (37. Bxe3 Ng4 $16) (37. Rxh2 Bg1+ 38. Kf3 Rxd4 $16)) 36... Nxf1 $14 37. Kxf1 {And now Rf2 would win.} Bxd2 38. Rxd2 {[%mdl 4096] Endgame KR-KR} Rh4 $1 39. Re2 Rh1+ $1 40. Kf2 Kf7 41. a3 a5 42. Kg3 a4 {The position is equal.} 43. Re5 Rb1 44. Rc5 Rxb2 45. Rxc6 Ke7 46. Kf4 Rb3 47. Ke5 Kd7 48. Kd5 Rxa3 49. c4 bxc4 50. Rxc4 {Precision: White = 39%, Black = 61%.} 1/2-1/2

[Event "SS Manhem Chess Week-GM 2018"]
[Site "Gothenburg"]
[Date "2018.08.13"]
[Round "4"]
[White "Schneider, Stefan"]
[Black "Golubka, Petro"]
[Result "0-1"]
[WhiteElo "2399"]
[BlackElo "2478"]
[Annotator "TA"]
[PlyCount "72"]
[EventDate "2018.08.11"]
[EventCountry "SWE"]
[SourceTitle "playchess.com"]
[Source "ChessBase"]
[SourceQuality "1"]

{[%evp 19,72,42,41,28,60,56,57,66,61,60,64,36,40,27,38,0,0,0,0,-32,-26,-54,-33,-107,-103,-91,-83,-223,-201,-250,-256,-251,-244,-270,-268,-269,-258,-272,-268,-264,-266,-268,-268,-287,-270,-886,-819,-29982,-29983,-29983,-29984,-29984,-29985,-29985,-29986]} 1. d4 Nf6 2. c4 e6 3. Nf3 b6 4. g3 Ba6 5. Qa4 Bb7 6. Bg2 Be7 7. O-O O-O 8. Nc3 d5 {E15: Damenindisch (Hauptfortsetzung, Abweichungen)} (8... Ne4 9. Qc2 Nxc3 10. Qxc3 c5 11. Rd1 d6 12. d5 exd5 13. cxd5 Bf6 14. Qc2 Nd7 15. Bf4 Qe7 16. e4 Rfe8 17. Re1 Ne5 18. Nxe5 Bxe5 19. Bxe5 Qxe5 20. f4 {½-½ (39) Mamedyarov,S (2747)-Ivanchuk,V (2710) Huaian 2016}) 9. Ne5 {[%cal Bf3e5,Be5c4,Bc4e3][%mdl 32]} c6 10. Rd1 a6 {LiveBook: 4 Partien. Weiß steht etwas besser.} 11. Qc2 Nbd7 12. e4 dxc4 13. Nxc4 b5 14. Ne3 Rc8 15. e5 $146 ({Vorgänger:} 15. a3) 15... Nd5 16. Be4 f5 17. exf6 N7xf6 18. Bg2 c5 $36 {[%mdl 2048] Schwarz hat Initiative.} 19. dxc5 Bxc5 20. Qb3 Kh8 21. a4 ({Günstiger ist} 21. Ncxd5 $15 Nxd5 22. Bd2) 21... b4 $17 22. Ncxd5 exd5 23. a5 (23. Nf5 $17 {ist wohl besser.}) 23... Qe7 $19 24. Qd3 Qf7 25. Rf1 {[#]} Bc6 $1 26. Qxa6 Qe8 27. Qd3 Bb5 28. Qd1 {beabsichtigt Te1.} Bxf1 29. Qxf1 Ne4 30. Bxe4 Qxe4 ({Weniger gut wäre} 30... dxe4 31. a6 $17) 31. Bd2 Bd4 32. Ra4 $2 {[#]} (32. Re1 b3 33. Nd1) 32... Rc2 $1 {[%mdl 512]} 33. Qd1 {[#]} (33. Nxc2 Bxf2+) 33... Rxf2 $1 {[%mdl 512] Schwarz setzt Matt.} 34. Qxc2 (34. Kxf2 Bxe3+) 34... Rg2+ $1 35. Kh1 Qxc2 36. Rxb4 {[#]} Rxh2+ $1 {Precision: Weiß = 33%, Schwarz = 96%.} 0-1

[Event "SS Manhem Chess Week-GM 2018"]
[Site "Gothenburg"]
[Date "2018.08.13"]
[Round "4"]
[White "Brynell, Stellan"]
[Black "Gritsak, Orest"]
[Result "1/2-1/2"]
[WhiteElo "2391"]
[BlackElo "2464"]
[Annotator "TA"]
[PlyCount "27"]
[EventDate "2018.08.11"]
[EventCountry "SWE"]
[SourceTitle "playchess.com"]
[Source "ChessBase"]
[SourceQuality "1"]

{[%evp 9,27,31,40,14,4,0,0,20,25,25,24,21,29,10,18,15,30,4,11,22]} 1. d4 Nf6 2. c4 g6 3. g3 c5 4. dxc5 Qa5+ 5. Nc3 Qxc5 {LiveBook: 3 Games} (5... Bg7 6. Bg2 Qxc5 7. Qa4 Ng4 8. Nh3 Nc6 9. Bd2 O-O 10. O-O d6 11. Rac1 Qd4 {1-0 (26) Gelfand,B (2703)-Svidler,P (2753) Jerusalem 2018}) 6. Qa4 $146 {E60: King's Indian: Unusual lines and Fianchetto Variation without Nc3} (6. e4 {seems wilder.} Bg7 7. Be3 Qa5 8. Bd2 O-O 9. Bg2) ({Predecessor:} 6. e4 d6 7. Be3 Qa5 8. Bg2 Nc6 9. Nge2 Ng4 10. Bf4 Be6 11. h3 Nf6 {0-1 (39) Iskusnyh,S (2473)-Turov,M (2600) Yaroslavl 2018}) 6... Qc6 7. Nf3 Qxa4 8. Nxa4 b6 9. Bg2 Bb7 10. b3 Bg7 11. Bb2 Na6 12. O-O Nc5 13. Nc3 Nfe4 14. Rac1 1/2-1/2

[Event "SS Manhem Chess Week-GM 2018"]
[Site "Gothenburg"]
[Date "2018.08.14"]
[Round "5"]
[White "Golubka, Petro"]
[Black "Johansson, Linus"]
[Result "1/2-1/2"]
[WhiteElo "2478"]
[BlackElo "2457"]
[Annotator "TA"]
[PlyCount "94"]
[EventDate "2018.08.11"]
[EventCountry "SWE"]
[SourceTitle "playchess.com"]
[Source "ChessBase"]
[SourceQuality "1"]

{[%evp 16,94,16,16,27,31,24,27,17,4,0,-27,-12,-24,-14,-21,0,-4,-7,0,0,0,10,11,6,12,24,0,0,0,0,0,8,0,70,68,62,20,34,20,29,20,70,40,147,134,135,142,148,154,150,141,141,148,148,149,150,95,66,0,0,0,0,0,0,0,0,0,0,-255,0,0,0,0,0,0,0,0,0,0,0]} 1. d4 Nf6 2. c4 e6 3. Nf3 b6 4. a3 Bb7 5. Nc3 d5 6. cxd5 Nxd5 7. e3 Nxc3 8. bxc3 g6 {E12: Queen's Indian: Unusual White 4th moves, 4 a3, 4 Nc3 Bb7 5 a3 and 4 Nc3 Bb7} (8... Be7 9. Bd3 O-O 10. O-O c5 11. Bb2 Nc6 12. Qe2 Rc8 13. Rad1 cxd4 14. cxd4 Bf6 15. Nd2 Na5 16. f4 g6 17. Nf3 Qd5 18. e4 Qd8 19. Ne5 Bg7 20. f5 exf5 21. exf5 Bd5 22. Qf2 {0-1 (52) Korobov,A (2692)-Anton Guijarro,D (2650) Doha 2016}) 9. h4 {[%cal Bh2h4,Bh4h5][%mdl 32] LiveBook: 3 Games} h6 10. Bb5+ c6 {White is slightly better.} 11. Bd3 Bg7 12. h5 $146 ({Predecessor:} 12. e4 c5 13. Be3 Nc6 14. O-O cxd4 15. cxd4 O-O 16. Bb1 {½-½ (25) Danailov,S (2440)-Miralles,G (2365) Bulgaria 1985}) 12... g5 13. e4 c5 14. Be3 Nc6 15. Rc1 Qd6 16. dxc5 bxc5 17. Bb5 Qxd1+ 18. Kxd1 O-O-O+ 19. Ke2 Na5 20. Nd2 Rd6 21. f3 Rhd8 22. Rc2 Be5 23. Nc4 ({Of course not} 23. Bxc5 Rxd2+ 24. Rxd2 Rxd2+ 25. Kxd2 Nb3+ 26. Kd3 Nxc5+ 27. Kc4 Nd7 $17) 23... Nxc4 24. Bxc4 Bf4 (24... f5 $11) 25. Bxf4 $14 gxf4 26. Rh4 Rg8 27. Kf2 e5 $1 28. Bxf7 Rg7 29. Bg6 Rd1 {[#]} ({Black should play} 29... Kd8 $14) 30. Rg4 $1 $36 {[%mdl 2048] Keeping Black busy.} Kc7 31. Bf5 Rxg4 32. fxg4 {[%mdl 4096] Endgame KRB-KRB} (32. Bxg4 Ra1 $11) 32... Ba6 {[%csl Ga6][%cal Rd1f1]} 33. c4 Rh1 {[#]} 34. Rc3 $1 Kd8 35. g3 Ke7 36. gxf4 (36. Kg2 $142 Rd1 37. gxf4 exf4 38. e5) 36... exf4 37. e5 (37. Rf3 $14) 37... Bb7 $11 38. Rd3 {Threatens to win with Rd7+.} Rh2+ 39. Ke1 {Rd7+ is the strong threat.} Rh1+ 40. Kd2 Rh2+ 41. Kc3 {Strongly threatening Rd7+.} Bc6 42. Rd5 $2 {[%mdl 8192]} (42. Rd6 $11 Rh3+ 43. Kb2 Rh2+ 44. Kc1 Rh1+ 45. Kd2 Rh2+ 46. Kc3 Rh3+ 47. Kd2 Rh2+ 48. Kd3 Rh3+ 49. Kd2 Rh2+) 42... f3 $2 (42... Bxd5 $19 43. cxd5 Re2 44. d6+ Kf8) 43. Rxc5 {The position is equal.} f2 44. Rxc6 ({Not} 44. Bd3 $2 Rh3 $19) 44... f1=Q {( -> ...Qf3+)} 45. Rc7+ Kd8 (45... Kf8 $5 46. Rc8+ $8 Kg7 47. Rc7+ Kf8 48. Rc8+ Kg7 49. Rc7+ Kf8 $11) 46. Rc8+ Ke7 47. Rc7+ Kd8 {Precision: White = 71%, Black = 54%.} (47... Kf8 $5 48. Rc8+ $8 Ke7 49. Rc7+ $11) 1/2-1/2